000 01238nam a22002295a 4500
999 _c27432
_d27403
003 EG-ScBUE
005 20190505113049.0
008 190505s2017 ua fr 000 f ara d
017 _a2017 / 8990
020 _a9789778200164
040 _aEG-ScBUE
_bara
_cEG-ScBUE
_dEG-ScBUE
082 0 4 _a892.736
_bت و ف
_222
100 1 _aتوفيق، أحمد خالد،
_d1962-2018.
245 1 0 _aحظك اليوم /
_cتأليف أحمد خالد توفيق.
260 _aالجيزة، مصر :
_bكيان للنشر والتوزيع،
_c2017.
300 _a128 ص. ؛
_c22 سم.
520 _a- اثنا عشر برجاً اثنتا عشرة طريقة للموت ولعنة تطاردك في كل صوب تمر بالأطوار المعتادة : في البداية أنت لا تعرف ... بعد هذا أنت لا تلاحظ ... ثم تلاحظ فلا تصدق ... ثم تصدق فلا تعرف ما ينبغى عمله. يقول الغربيون أنك لا يمكن أن تكون حذراً اكثر من اللازم. وهذه القصص تطبيق عملي صادق لصحة هذه المقولة.
650 7 _aالقصص العربية
_yقرن 21.
_2BUEsh
651 _2BUEsh
653 _bARALIT
_bGGEN
_cMay2019
942 _2ddc